Nietzsche on Augustine on Happiness

This article considers the criticisms made by Friedrich Nietzsche of the ethics of St Augustine. Nietzsche’s main criticism presses us to ask whether Augustine can recognize an internal connection between natural human activity and supernatural happiness. The absence of any such connection, alleges...

Ausführliche Beschreibung

Gespeichert in:  
Bibliographische Detailangaben
1. VerfasserIn: Rose, Matthew (Verfasst von)
Beteiligte: Meilaender, Gilbert 1946- (VerfasserIn des Bezugswerks)
Medienart: Elektronisch Aufsatz
Sprache:Englisch
Verfügbarkeit prüfen: HBZ Gateway
Fernleihe:Fernleihe für die Fachinformationsdienste
Veröffentlicht: [2017]
In: Studies in Christian ethics
Jahr: 2017, Band: 30, Heft: 2, Seiten: 170-178
RelBib Classification:KAB Kirchengeschichte 30-500; Frühchristentum
NBE Anthropologie
NCA Ethik
TJ Neuzeit
weitere Schlagwörter:B Augustine
B natural happiness
B Happiness
B Eudaimonism
B Nietzsche
B Gilbert Meilaender
B Bioethics
B Epicureanism
B AUGUSTINIAN missions
B God
B Nietzsche, Friedrich Wilhelm, 1844-1900
Online-Zugang: Volltext (lizenzpflichtig)

MARC

LEADER 00000caa a22000002c 4500
001 1559723793
003 DE-627
005 20220125165742.0
007 cr uuu---uuuuu
008 170613s2017 xx |||||o 00| ||eng c
024 7 |a 10.1177/0953946816684443  |2 doi 
035 |a (DE-627)1559723793 
035 |a (DE-576)489723799 
035 |a (DE-599)BSZ489723799 
040 |a DE-627  |b ger  |c DE-627  |e rda 
041 |a eng 
084 |a 1  |2 ssgn 
100 1 |e VerfasserIn  |0 (DE-588)1034882090  |0 (DE-627)746449402  |0 (DE-576)382499875  |4 aut  |a Rose, Matthew 
109 |a Rose, Matthew 
245 1 0 |a Nietzsche on Augustine on Happiness  |c Matthew Rose 
264 1 |c [2017] 
336 |a Text  |b txt  |2 rdacontent 
337 |a Computermedien  |b c  |2 rdamedia 
338 |a Online-Ressource  |b cr  |2 rdacarrier 
520 |a This article considers the criticisms made by Friedrich Nietzsche of the ethics of St Augustine. Nietzsche’s main criticism presses us to ask whether Augustine can recognize an internal connection between natural human activity and supernatural happiness. The absence of any such connection, alleges Nietzsche, is the self-defeating flaw of Augustine’s eudaimonism, a flaw, paradoxically, that only insures human misery. Rebutting these charges, this article argues, requires us to recognize a form of natural happiness that is proportionate to create human nature. 
601 |a Augustiner 
650 4 |a Augustine 
650 4 |a AUGUSTINIAN missions 
650 4 |a Bioethics 
650 4 |a Epicureanism 
650 4 |a Eudaimonism 
650 4 |a Gilbert Meilaender 
650 4 |a God 
650 4 |a Happiness 
650 4 |a natural happiness 
650 4 |a Nietzsche 
650 4 |a Nietzsche, Friedrich Wilhelm, 1844-1900 
652 |a KAB:NBE:NCA:TJ 
700 1 |e VerfasserIn des Bezugswerks  |0 (DE-588)134114930  |0 (DE-627)560888732  |0 (DE-576)162188536  |4 ant  |a Meilaender, Gilbert  |d 1946- 
773 0 8 |i Enthalten in  |t Studies in Christian ethics  |d London : Sage, 1988  |g 30(2017), 2, Seite 170-178  |h Online-Ressource  |w (DE-627)368910555  |w (DE-600)2118000-3  |w (DE-576)11946067X  |x 0953-9468  |7 nnas 
773 1 8 |g volume:30  |g year:2017  |g number:2  |g pages:170-178 
787 0 8 |i Kritik in  |a Meilaender, Gilbert, 1946 -   |t Friendly Rejoinders  |d 2017  |w (DE-627)1559724072  |w (DE-576)489724078 
856 4 0 |u https://doi.org/10.1177/0953946816684443  |x Resolving-System  |z lizenzpflichtig  |3 Volltext  |7 1 
951 |a AR 
ELC |a 1 
ITA |a 1  |t 1 
LOK |0 000 xxxxxcx a22 zn 4500 
LOK |0 001 2971870383 
LOK |0 003 DE-627 
LOK |0 004 1559723793 
LOK |0 005 20211026165157 
LOK |0 008 170613||||||||||||||||ger||||||| 
LOK |0 040   |a DE-Tue135  |c DE-627  |d DE-Tue135 
LOK |0 092   |o n 
LOK |0 852   |a DE-Tue135 
LOK |0 852 1  |9 00 
LOK |0 935   |a ixzs  |a ixzo 
LOK |0 936ln  |0 1442053909  |a TJ 
LOK |0 936ln  |0 1442044284  |a KAB 
LOK |0 936ln  |0 144205168X  |a NBE 
LOK |0 936ln  |0 1442052465  |a NCA 
LOK |0 939   |a 13-06-17  |b l01 
ORI |a SA-MARC-ixtheoa001.raw 
REL |a 1 
SUB |a REL